书目信息 |
| 题名: |
物理光学理论与习题
|
|
| 作者: | 梁全廷 编 | |
| 分册: | ||
| 出版信息: | 北京 机械工业出版社 1985.8 |
|
| 页数: | 379页 | |
| 开本: | 20cm | |
| 丛书名: | ||
| 单 册: | ||
| 中图分类: | O436 | |
| 科图分类: | ||
| 主题词: | 光学 | |
| 电子资源: | ||
| ISBN: | ||
| 000 | 00534nam0 2200193 45 | |
| 001 | 0312221749 | |
| 005 | 20031222171121.5 | |
| 010 | @dCNY3.00 | |
| 100 | @a20031222d1985 km y0chiy0120 ea | |
| 101 | @achi | |
| 105 | @a z 000yy | |
| 200 | 1 | @a物理光学理论与习题@AWu Li Guang Xue Li Lun Yu Xi Ti@f梁全廷编@FLiang Quan Ting Bian |
| 210 | @a北京@c机械工业出版社@d1985.8 | |
| 215 | @a379页@d20cm | |
| 606 | 0 | @a光学 |
| 690 | @aO436@v3 | |
| 701 | 0 | @a梁全廷@4编 |
| 801 | @aCN@bTSTCL@c20031222 | |
| 905 | @a213230@dO436@e14@b151023-024@f2 | |
| 物理光学理论与习题/梁全廷编.-北京:机械工业出版社,1985.8 |
| 379页;20cm |
| ISBN :CNY3.00 |
| ● |
| 相关链接 |
|
|
|
|
正题名:物理光学理论与习题
索取号:O436/14
 
预约/预借
| 序号 | 登录号 | 条形码 | 馆藏地/架位号 | 状态 | 备注 |
| 1 | 0151023 | 001461224 | 第三借阅区/ [索取号:O436/14] | 在馆 | |
| 2 | 0151024 | 001461199 | 第三借阅区/ [索取号:O436/14] | 在馆 | |
| 3 | 0151025 | 202098489 | 第二样本阅览室/ [索取号:O436/14] | 在馆 |